Countries with Nuclear Weapon Triad - Statistics

General Stats
  • This quiz has been taken 44 times
  • The average score is 5 of 5
Answer Stats
Nuclear Triad Country % Correct
China
100%
United States
100%
Russia
97%
India
89%
Israel
84%
No matching quizzes found
Score Distribution
Percent of People with Each Score
Percentile by Number Answered
Your Score History
You have not taken this quiz